| 000 | 00586cam a22002411 4500 | ||
|---|---|---|---|
| 001 | sa 68009199 | ||
| 003 | DLC | ||
| 005 | 20260227112541.0 | ||
| 008 | 890808s1968 ii b 000 0 asmo | ||
| 010 | _asa 68009199 | ||
| 035 | _a(OCoLC)20142950 | ||
| 040 |
_aDLC _cWaU _dDLC |
||
| 042 | _apremarc | ||
| 050 | 0 | 0 |
_aDS460.R3 _bB5 1968 |
| 100 | 1 | _aBhuyan, Suryya Kumar. | |
| 245 | 0 | 0 | _aRamaṇī Gābharu. |
| 250 | _a[2d ed.] | ||
| 260 | _c[1968] | ||
| 300 |
_a14, 88 p. _c22 cm. |
||
| 500 | _aIn Assamese. | ||
| 504 | _aBibliography: p. [86]-88. | ||
| 600 | 0 | 0 | _aRamani Gabharu. |
| 999 |
_c82787 _d82787 |
||